唐代诗词人 扫雷模式 Tang dynasty poets - sudden death - Statistics

General Stats
  • This quiz has been taken 578 times
  • The average score is 13 of 23
Answers on the Grid
Answers color-coded by a green-red scale on the quiz's grid according to % correct below.
李煜
谢灵运
谢朓
陶渊明
王羲之
阮籍
冯延巳
苏轼
李清照
欧阳修
王安石
柳永
范仲淹
晏殊
秦观
辛弃疾
陆游
元好问
马致远
唐寅
于谦
龚自珍
纳兰性德
李白
白居易
杜甫
王维
李商隐
刘禹锡
杜牧
韩愈
柳宗元
孟浩然
李贺
元稹
王勃
温庭筠
王昌龄
岑参
韦应物
贾岛
刘长卿
韦庄
孟郊
高适
张九龄
 
Answer Stats
Answer % Correct
李白
72%
孟浩然
72%
杜甫
71%
白居易
69%
王维
66%
李商隐
64%
杜牧
64%
王昌龄
64%
刘禹锡
62%
韩愈
62%
王勃
62%
李贺
61%
柳宗元
60%
孟郊
60%
高适
59%
岑参
58%
张九龄
56%
贾岛
53%
元稹
49%
韦应物
47%
温庭筠
42%
刘长卿
38%
韦庄
35%
No matching quizzes found
Score Distribution
Percent of People with Each Score
Percentile by Number Answered
Your Score History
You have not taken this quiz